MARC

LEADER 00000nam0a2200000 4500
001 293952
005 20231102000637.0
020 |a RU  |b 84-26434 
035 |a (RuTPU)RU\TPU\book\319002 
090 |a 293952 
100 |a 20150507d1984 km y0rusy5003 ca 
101 0 |a rus 
102 |a RU 
105 |a ac z 001zb 
200 1 |a Алексей Васильевич Шубников  |e 1887-1970  |f Академия наук СССР (АН СССР) ; под ред. Н. В. Белова, И. И. Шафроновского 
210 |a Ленинград  |c Наука  |d 1984 
215 |a 221 с.  |c ил. 
225 1 |a Научно-биографическая серия 
320 |a Библиогр.: с. 216-219 
600 1 |a Шубников  |b А. В.  |c российский физик  |f 1887-1970  |g Алексей Васильевич  |2 stltpush  |3 (RuTPU)RU\TPU\pers\15612  |9 5423 
606 1 |a Кристаллографы  |x Персоналии  |2 stltpush  |3 (RuTPU)RU\TPU\subj\79943  |9 87960 
610 1 |a история 
610 1 |a Россия 
610 1 |a 20 век 
610 1 |a ученые 
610 1 |a кристаллы 
610 1 |a симметрия 
610 1 |a кристаллофизика 
610 1 |a прикладные методы 
675 |a 548(092)  |z rus  |v 3 
702 1 |a Белов  |b Н. В.  |g Николай Васильевич  |4 340 
702 1 |a Шафроновский  |b И. И.  |4 340 
712 0 2 |a Академия наук СССР (АН СССР)  |c (Ленинград/Москва)  |c (1925-1991)  |2 stltpush  |3 (RuTPU)RU\TPU\col\722 
801 0 |a RU  |b RuMRKP  |c 19950704  |g psbo 
801 1 |a RU  |b 63413507  |c 20150507 
801 2 |a RU  |b 63413507  |c 20200115  |g RCR 
942 |c BK